Tập bài giảng Lịch sử nhà nước và pháp luật Việt Nam từ nguồn gốc đến giữa thế kỷ XX /

Đã lưu trong:
Sonraí Bibleagrafaíochta
Príomhúdar: Vũ Thị Nga
Údair Eile: Nguyễn Huy Anh
Formáid: Sách giấy
Teanga:Vietnamese
Foilsithe: Hà Nội : Chính trị Quốc gia , 1996
Clibeanna: Cuir Clib Leis
Gan Chlibeanna, Bí ar an gcéad duine leis an taifead seo a chlibeáil!
Thư viện lưu trữ: Thư viện Trường Đại học Đà Lạt
LEADER 00706nam a2200253 4500
001 DLU020010566
005 ##11/29/1999
041 # # |a vie 
082 # # |a 340.1  |b VU-N 
090 # # |a 340.1  |b VU-N 
100 # # |a Vũ Thị Nga 
245 # # |a Tập bài giảng Lịch sử nhà nước và pháp luật Việt Nam từ nguồn gốc đến giữa thế kỷ XX /  |c Vũ Thị Nga, Nguyễn Huy Anh 
260 # # |a Hà Nội :  |b Chính trị Quốc gia ,  |c 1996 
300 # # |a 568 tr.;   |c 21 cm. 
700 # # |a Nguyễn Huy Anh 
992 # # |a 21000 
994 # # |a DLU 
900 # # |a False 
911 # # |a Administrator 
925 # # |a G 
926 # # |a A 
927 # # |a SH 
980 # # |a Thư viện Trường Đại học Đà Lạt